Central Library OPAC University of Rajshahi

The fringe of the sea / (Record no. 12228)

MARC details
000 -LEADER
fixed length control field 00747cam a2200253 a 4500
001 - CONTROL NUMBER
control field 12228
003 - CONTROL NUMBER IDENTIFIER
rucl marc code BD-RjUL
005 - DATE AND TIME OF LATEST TRANSACTION
control field 20211208235246.0
008 - FIXED-LENGTH DATA ELEMENTS--GENERAL INFORMATION
fixed length control field 140128s1966 xraa 001 0 eng d
035 ## - SYSTEM CONTROL NUMBER
System control number (BD-RjUL)12277
System control number 380278
040 ## - CATALOGING SOURCE
Original cataloging agency ANL
Language of cataloging eng
Transcribing agency ANL
Modifying agency ABN-SNR
-- AMOA
041 ## - LANGUAGE CODE
Language code of text/sound track or separate title eng
082 04 - DEWEY DECIMAL CLASSIFICATION NUMBER
Classification number 591.994
Edition number 16
Author mark and year BEF 1966
100 1# - MAIN ENTRY--PERSONAL NAME
Personal name Bennett, Isobel
9 (RLIN) 37945
245 14 - TITLE STATEMENT
Title The fringe of the sea /
Statement of responsibility, etc. by Isobel Bennett ; photography by F. G. Myers, Keith Gillett.
260 ## - PUBLICATION, DISTRIBUTION, ETC. (IMPRINT)
Place of publication, distribution, etc. Adelaide :
Name of publisher, distributor, etc. Rigby ,
Date of publication, distribution, etc. 1966.
300 ## - PHYSICAL DESCRIPTION
Pagination 261 p. :
Illustrations illus. ;
Size 24cm.
500 ## - GENERAL NOTE
General note Includes index.
650 #0 - SUBJECT ADDED ENTRY--TOPICAL TERM
Topical term or geographic name as entry element Marine animals
Geographic subdivision Australia.
9 (RLIN) 37946
700 1# - ADDED ENTRY--PERSONAL NAME
Personal name Myers, F. G.
Personal name Gillett, Keith,
942 ## - ADDED ENTRY ELEMENTS (KOHA)
Source of classification or shelving scheme Dewey Decimal Classification
Koha item type Books
Holdings
Lost status Source of classification or shelving scheme Damaged status Not for loan Collection code Permanent Location Current Location Shelving location Date acquired Source of acquisition Total Checkouts Full call number Date last seen Copy number Koha item type
  Dewey Decimal Classification   Not For Loan Non-fiction Central Library, University of Rajshahi Central Library, University of Rajshahi Reading Room 15/09/1973 Govt .of Australia   591.994 BEF 1966 28/01/2014 C-1 Books